| 000 | 00758nas a2200289Ia 4500 | ||
|---|---|---|---|
| 001 | 42 | ||
| 003 | CO-MdFUSB | ||
| 005 | 20170307101611.0 | ||
| 008 | 151030s9999 xx 000 0 und d | ||
| 037 | _bTearfund | ||
| 040 |
_aCO-MdFUSB _bspa _cCO-MdFUSB _dCO-MdFUSB _erda |
||
| 041 | 0 |
_aeng _heng |
|
| 245 | 1 | 0 |
_aTeartimes _cTearfund |
| 260 | _aTeddington | ||
| 264 |
_aTeddington, Inglaterra _bTeartimes |
||
| 300 |
_aNúmero 75 - 122 _c30 cm. |
||
| 310 |
_aNo aplica _b1997 |
||
| 336 |
_2rdacontent _a1 _ba1 |
||
| 337 |
_2rdamedia _a2 _b5 |
||
| 338 | _a2 | ||
| 362 | _a1997 - 2009 | ||
| 546 | _aTexto en inglés | ||
| 650 | _vPublicaciones seriadas | ||
| 773 | _dTeddington, Inglaterra : Tearfund, 1997 | ||
| 810 | _hRevista | ||
| 942 |
_cCR _2ddc _a3 |
||
| 999 |
_c49400 _d49400 |
||